000 00498nam a22001697a 4500
005 20240816075948.0
008 240816b |||||||| |||| 00| 0 eng d
020 _a9780405728287
041 _aEnglish
082 _a349 ALL
100 _lEnglish
245 _aThe All England Law Reports: Annual Review 2007
260 _aLondon:
_bButterworth and Company Ltd,
_c2008
300 _bxxxvi, 448 pages;
_c25 cm.
650 _aLegal practice
_bLaw
942 _cBK
_6ALISON_BN_VRIES
999 _c2600
_d2600